000 01051nam a22002657a 4500
001 82549
003 BD-RjUL
005 20231227125947.0
008 231226s2018 bg a|||| m||| 00| 0 eng d
035 _a(BD-RjUL)82549
040 _aBD-RjUL
_beng
_cBD-RjUL
_dBD-RjUL
041 _aeng
082 _223
_a616.920954924
_bKAI 2018
100 _aKarmaker, Pranab
_910722
245 1 0 _aImpact of multidrug resistant bacterial strains in Northern region of Bangladesh /
_cBy Pranab Karmaker
_6Supervisor : Parvez Hassan, Co-Supervisor : Ariful Haque
260 _aRajshahi :
_bInstitute of Biological Sciences, University of Rajshahi,
_c2018
300 _axv, 127 leaves :
_bill, ;
_c29.cm.
502 _aThesis (Ph. D.) -- Institute of Biological Sciences, University of Rajshahi, 2018
504 _aReferences : Leaves 100 - 117
650 _aBacterial diseases
_zBangladesh
_910723
650 _aDiseases
_vNorthern region
_910724
700 _aHassan, Parvez, Supervisor
_98729
700 _aHaque, Ariful, Co-Supervisor
_910237
942 _2ddc
_cTHE
999 _c82549
_d82549